Normal view
MARC view
- V.Udayashankara
Entry Personal Name
001 - CONTROL NUMBER
- control field: 104982
003 - CONTROL NUMBER IDENTIFIER
- control field: NUST
005 - DATE AND TIME OF LATEST TRANSACTION
- control field: 20221215141831.0
008 - FIXED-LENGTH DATA ELEMENTS
- fixed length control field: 221215|| aca||aabn | a|a d
040 ## - CATALOGING SOURCE
- Original cataloging agency: NUST
- Transcribing agency: NUST
100 ## - HEADING--PERSONAL NAME
- Personal name: V.Udayashankara
670 ## - SOURCE DATA FOUND
- Source citation: Work cat.: (NUST)189481: V.Udayashankara, Real time digital signal processing fundamentals, algorithms and implementation using TMS processor /, 2010
